| 000 | 01170nam0a22003251 4500 | ||
|---|---|---|---|
| 001 | RU\NLR\INFOCOMM_17\5000672875 | ||
| 005 | 20250613095721.0 | ||
| 035 | _a(NLR Aleph) 009305020 | ||
| 090 |
_a9302301 _c9302301 |
||
| 100 | _a20101028d1991 |||y0rusy50 ca | ||
| 101 | 0 | _aeng | |
| 102 | _aRU | ||
| 105 | _ay ||||000|y | ||
| 200 | 1 |
_aThe organism-integrated database for T4 bacteriophage _eConcepts a. structure _fA. B. Fonaryev, Eu. I. Golovanov, V. P. Shcherbakov _gUSSR Acad. of sciences, Div. of the Inst. of chem. physics |
|
| 210 |
_aChernogolovka _d1991 |
||
| 215 |
_a18 с. _d20 см |
||
| 320 | _aБиблиогр.: с. 16 | ||
| 606 |
_aБактериофаг _2nlr_sh1 |
||
| 686 |
_aР266.93 _2rubbk |
||
| 700 | 1 |
_9z03790 _aFonarev _bA. B. _gAnatolij Borisovič _4070 |
|
| 701 | 1 |
_9z04790 _aGolovanov _bE. I. _gEvgenij Ivanovič _4070 |
|
| 701 | 1 |
_9z05790 _aŠčerbakov _bV. P. _gViktor Prochorovič _4070 |
|
| 790 | 1 |
_9z03700 _aFonaryev _bA. B. _4070 |
|
| 790 | 1 |
_9z04701 _aGolovanov _bEu. I. _4070 |
|
| 790 | 1 |
_9z05701 _aShcherbakov _bV. P. _4070 |
|
| 801 | 1 |
_aRU _bNLR _c20101028 |
|
| 801 | 0 |
_aRU _bNLR _gPSBO |
|
| 852 |
_aNLR _jС41 Д-4/13 |
||
| 942 | _cBOOK | ||
| 980 | _aNB | ||